| 000 | 00932cam a22002651 4500 | ||
|---|---|---|---|
| 001 | sd 63000002 | ||
| 003 | DLC | ||
| 005 | 20260227112736.0 | ||
| 008 | 920420s1963 dcu f000 0 eng c | ||
| 010 | _asd 63000002 | ||
| 035 | _a(OCoLC)25678293 | ||
| 040 |
_aU.S. Dept. of State. Library _cDS _dDS _dDLC |
||
| 042 | _apremarc | ||
| 050 | 0 | 0 |
_aE841 _b.U52 |
| 110 | 1 |
_aUnited States. _bPresident (1961-1963 : Kennedy) |
|
| 245 | 1 | 0 | _aForeign affairs. |
| 260 |
_a[Washington, _bU.S. Govt. Print. Off., _c1963] |
||
| 300 |
_a19 p. _c20 cm. |
||
| 490 | 1 |
_a[U.S.] Dept. of State. Publication _v7487 |
|
| 490 | 1 |
_aGeneral foreign policy series, _v185 |
|
| 500 | _a"Excerpt from the State of the Union message, January 14, 1963." | ||
| 651 | 0 |
_aUnited States _xForeign relations _y1961-1963. |
|
| 830 | 0 |
_aDepartment of State publication ; _v7487. |
|
| 830 | 0 |
_aDepartment of State publication. _pGeneral foreign policy series ; _v185. |
|
| 999 |
_c90088 _d90088 |
||